De casa de Orates a Instituto Psiquiátrico: 150 años de historia

Saved in:
Bibliografiske detaljer
Andre forfattere: Escobar Miguel, Enrique (Editor), Medina Cárdenas, Eduardo (Editor), Quijada Hernández, Mario (Editor)
Format: Bog
Sprog:spansk
Udgivet: Santiago, Chile Sociedad Chilena de Salud Mental 2002
Fag:
Tags: Tilføj Tag
Ingen Tags, Vær først til at tagge denne postø!

MARC

LEADER 00000nam a2200000 a 4500
001 UCH9357
003 CL-VaPUC
005 20220304074308.0
008 091231e20020800CL |||||||||||||||||spa|d
999 |c 339346  |d 339344 
040 |c Pontificia Universidad Católica de Valparaíso 
082 0 4 |a 362.21 ESC 2002  |2 21 
100 0 |e editor  |a Escobar Miguel, Enrique  |9 546396 
245 1 0 |a De casa de Orates a Instituto Psiquiátrico:  |b  150 años de historia 
260 |a Santiago, Chile  |b Sociedad Chilena de Salud Mental  |c 2002 
300 |a 189 páginas 
583 |a last modification  |c 20091231 00:00:00  |k Rodrigo Vera 
600 0 7 |a INSTITUTO PSIQUIATRICO DR. JOSE HORWITZ BARAK  |2 CL-VaPUC  |9 546399 
650 7 |a SERVICIOS DE SALUD MENTAL  |2 CL-VaPUC  |9 546400 
650 0 |a Hospitales   |9 335788 
700 0 |a Medina Cárdenas, Eduardo  |9 546397  |e editor 
700 0 |a Quijada Hernández, Mario  |e editor  |9 546398 
942 |c BK  |2 ddc 
945 |d 20091231 00:00:00  |a dcastane 
952 |0 0  |1 0  |2 ddc  |4 0  |6 362_210000000000000_ESC_2002  |7 0  |8 A  |9 432950  |a BIBHIS  |b BIBHIS  |d 2019-11-22  |i 4629698  |o 362.21 ESC 2002  |p 4629698  |r 2025-01-20  |t 1  |w 2019-11-22  |y BK  |k HIS